Who bankrupted Pakistan? (Record no. 292267)

000 -LEADER
fixed length control field 00283 a2200121 4500
001 - CONTROL NUMBER
control field 57194
082 ## - DEWEY DECIMAL CLASSIFICATION NUMBER
Classification number 332.7505491 JAV
090 ## - LOCALLY ASSIGNED LC-TYPE CALL NUMBER (OCLC); LOCAL CALL NUMBER (RLIN)
-- 35121
-- 35121
100 ## - MAIN ENTRY--PERSONAL NAME
Personal name Javed Mehmood
245 ## - TITLE STATEMENT
Title Who bankrupted Pakistan?
260 ## - PUBLICATION, DISTRIBUTION, ETC.
Place of publication, distribution, etc. Lahore
Name of publisher, distributor, etc. Javed MAhmood
Date of publication, distribution, etc. 2001
300 ## - PHYSICAL DESCRIPTION
Extent 232p
942 ## - ADDED ENTRY ELEMENTS (KOHA)
Institution code [OBSOLETE] NUST-CAE
Call number prefix 332.7505491 JAV
Holdings
Withdrawn status Lost status Damaged status Not for loan Collection code Permanent Location Current Location Date acquired Total Checkouts Full call number Barcode Date last seen Price effective from Koha item type
          College of Aeronautical Engineering (CAE) College of Aeronautical Engineering (CAE) 04/03/2017   332.7505491 JAV CAE74599 04/05/2017 04/05/2017 Book
© 2023 Central Library, National University of Sciences and Technology. All Rights Reserved.